UK General Election Quiz - Statistics

General Stats
  • This quiz has been taken 306 times
  • The average score is 4 of 10
Answer Stats
Question Answer % Correct
The UK was ruled by a coalition of the Conservatives and Liberal Democrats between 2010 and 2015, but when was last coalition government prior to this? 1940 to 1945
70%
Which one of these isn’t legally required for UK elections? Must be held on a Thursday
65%
Which individual leader has won the most UK elections? William Gladstone
52%
Finish this headline from the 11th April 1992: It’s the ‘BLANK’ wot won it’ Sun
39%
Which PM lived the longest? James Callaghan
30%
Who was the oldest PM when appointed? William Gladstone
30%
Which of these was not blamed for the electoral misfortunes of a British political leader? Giving a beef burger to their child to eat during period of ‘mad cow disease’
28%
What year was the first UK general election held where men and women had the vote on equal terms? 1929
26%
What general election saw the highest percentage vote share for the winning party in the post 1945 era of UK politics? 1955 - Conservative
13%
How many Labour leaders have won general elections in the UK? 3
4%
No matching quizzes found
Score Distribution
Percent of People with Each Score
Percentile by Number Answered
Your Score History
You have not taken this quiz